Statistics for African Geography by Letter - T

Click here to take the quiz!

General Stats

  • This quiz has been taken 106 times
  • The average score is 10 of 20

Answer Stats

HintAnswer% Correct
Country Mount Kilimanjaro is located inTanzania
100%
Ancient Carthage was located in this countryTunisia
97%
Capital of LibyaTripoli
94%
City in Mali often used as an idiom for a faraway placeTimbuktu
92%
Country east of Ghana and west of BeninTogo
92%
Largest of the Canary IslandsTenerife
83%
The country which included the mainland part of the aboveTanganyika
77%
Mountain that overlooks Cape TownTable Mountain
76%
Third-largest city in Morocco, located in the far northTangier
65%
Official language of the above region, and EritreaTigrinya
47%
Remote island part of the British Overseas Territory of Saint HelenaTristan da Cunha
37%
Name of a Boer Republic and than British colony in South AfricaTransvaal
36%
Region of Ethiopia where a civil war was fought from 2020-2022Tigray
29%
Fourth-largest saltwater lake in the world, located in Kenya and EthiopiaLake Turkana
27%
Berber ethnic and language group native to a vast area of the Sahara, from Libya to MaliTuareg
24%
Official language in South African and Zimbabwe; minority language in MozambiqueTsonga
22%
Second-largest city in MadagascarToamasina
13%
Bantu ethnic group native to the African Great Lakes regionTwa
9%
Interim capital of the Sahrawi Arab Democratic RepublicTifariti
7%
Westernmost province of Algeria, bordering Morocco, Mauritania, and Western SaharaTindouf
7%

Score Distribution

Percentile by Number Answered

Percent of People with Each Score

Your Score History

You have not taken this quiz